Personnages des Hunger Games par images - Statistiques

Statistiques générales
  • Ce quiz a été pris 2 719 fois
    1 671 depuis la dernière actualisation
  • Le résultat moyen est 15 sur 24
Statistiques - réponses
Par images Réponse % Correct
Katniss Everdeen
99%
Peeta Mellark
97%
Primrose Everdeen
94%
Coriolanus Snow
93%
Rue
90%
Gale Hawthorne
87%
Finnick Odair
83%
Haymitch Abernathy
82%
Effie Trinket
78%
Cinna
71%
Johanna Mason
70%
Caesar Flickerman
61%
Cato
58%
Lucy Gray Baird
56%
Alma Coin
54%
Mags
54%
Tigris
49%
Beetee Latier
48%
Plutarch Heavensbee
47%
Clove
46%
Boggs
31%
Sejanus Plinth
27%
Cressida
20%
Volumnia Gaul
14%
Aucun quiz correspondant
Distribution des résultats
% des personnes avec chaque résultat
Percentile par nombre de réponses
Votre historique - résultats
Vous n’avez pas pris ce quiz depuis la dernière actualisation